Pink Pony Club - Chappell Roan (All Lyrics) - Statistics

General Stats
  • This quiz has been taken 111 times
  • The average score is 330 of 395
Answer Stats
Lyrics % Correct
a
100%
I
100%
the
98%
club,"
97%
Club,
97%
Club
97%
pink
97%
Pink
97%
pony
97%
Pony
97%
at
96%
On
93%
on
93%
dancing
91%
in
91%
you
91%
girl,
90%
gonna
90%
Hollywood,
90%
I'm
90%
keep
90%
my
90%
West
90%
be
89%
just
89%
have
88%
oh
88%
Oh,
88%
Where
88%
where
88%
And
87%
and
87%
fun
87%
having
87%
heels,
87%
stage
87%
know
85%
what
85%
dance
84%
done?
84%
down
84%
me
84%
to
84%
your
84%
belong,
83%
Hear
83%
hear
83%
mama
83%
mama,
83%
You're
82%
you're
82%
can
80%
it
80%
it's
80%
scene
79%
scream
79%
She
79%
she's
79%
But
78%
cause
78%
"God,
78%
stay
78%
her
76%
of
76%
Tennessee
76%
Tennessee,
76%
wanted
76%
all
75%
that
75%
baby
74%
dreams
74%
dreams,
74%
sees
74%
make
73%
proud,
73%
boys
72%
girls
72%
LA
72%
Monica,
72%
Santa
72%
wicked
72%
every
70%
Every
70%
heard
69%
leaving
69%
place
69%
calling
67%
day
67%
single
67%
queens
66%
special
66%
there's
66%
can't
65%
good
63%
Won't
63%
been
61%
love
61%
too
61%
you've
61%
away,
60%
visions
60%
miles
57%
thousand
57%
crazy
56%
always
55%
swear
55%
door
54%
Southern
54%
ignore
53%
left
53%
mind
53%
Saturday
53%
saying
53%
Still
53%
outside
52%
bathroom
51%
from
51%
ball
49%
disco
49%
floor
49%
I've
48%
why
48%
another
46%
drawl
46%
are
45%
behind
45%
night's
45%
think
45%
lights
44%
line
44%
Lovers
42%
reason
42%
Don't
40%
mirrored
39%
Black
38%
up
33%
jaws
29%
thank
27%
year
25%
No matching quizzes found
Score Distribution
Percent of People with Each Score
Percentile by Number Answered
Your Score History
You have not taken this quiz